000 00542nam a2200169 i 4500
001 22182
003 ES-MaACL
005 20230906152638.0
007 t|
008 030130s1942 xxk ||||1| eng d
245 0 0 _a"Blackwood" tales from the outposts.
_n, . IX,
_pTales of Africa /
_c[edited by L. A. Bethell].
260 _aEdinburgh :
_bWilliam Blackwood,
_c1942.
300 _a1 v. ;
_c18 cm.
500 _aEs el vol. 9 de una colección de 12 vols.
700 1 _aBethell, Leonard Arthur.
_928658
852 _aES-MaACL
_jC-25127
_bR.53945
999 _c22182
_d22182